| 000 | 02547nam a2200349 a 4500 | ||
|---|---|---|---|
| 001 | ebr10630634 | ||
| 003 | CaPaEBR | ||
| 006 | m u | ||
| 007 | cr cn||||||||| | ||
| 008 | 110615s2012 njua sb 001 0 eng d | ||
| 010 | _z 2011021002 | ||
| 020 | _z9780470487556 (hardback) | ||
| 020 | _z9781118146576 (e-book) | ||
| 040 |
_aCaPaEBR _cCaPaEBR |
||
| 035 | _a(OCoLC)804860738 | ||
| 050 | 1 | 4 |
_aTD1050.S24 _bL86 2012eb |
| 082 | 0 | 4 |
_a660/.2804 _223 |
| 100 | 1 | _aLunn, George. | |
| 245 | 1 | 0 |
_aDestruction of hazardous chemicals in the laboratory _h[electronic resource] / _cGeorge Lunn, Eric B. Sansone. |
| 250 | _a3rd ed. | ||
| 260 |
_aHoboken, N.J. : _bWiley, _c2012. |
||
| 300 |
_axiii, 779 p. : _bill. |
||
| 504 | _aIncludes bibliographical references and indexes. | ||
| 520 |
_a"The book describes practical procedures for the destruction of hazardous chemicals and biological agents in the laboratory in which they are used. The book is a continuation and expansion of "Destruction of Hazardous Chemicals in the Laboratory." It follows the same general approach as the first and second editions but includes a number of new chapters including one on using advanced oxidation techniques as a general means of degrading chemicals. All the monographs from the second edition are incorporated in this volume and are revised and extended as necessary. A number of new monographs describing procedures for the destruction of hazardous chemicals have also been added.The destruction of many pharmaceuticals is also described in this book. This subject has become of increasing importance with recent reports of the detection of pharmaceuticals in the water supply. Finally a new addition is the chapter "General Methods for the Destruction of Hazardous Chemicals in the Laboratory." This chapter describes recent advanced oxidation methods that should be generally applicable to all organic compounds. The methods use commonly available laboratory equipment and reagents"-- _cProvided by publisher. |
||
| 533 |
_aElectronic reproduction. _bPalo Alto, Calif. : _cebrary, _d2011. _nAvailable via World Wide Web. _nAccess may be limited to ebrary affiliated libraries. |
||
| 650 | 0 |
_aHazardous wastes _xSafety measures. |
|
| 650 | 0 |
_aChemical laboratories _xSafety measures. |
|
| 655 | 7 |
_aElectronic books. _2local |
|
| 700 | 1 |
_aSansone, E. B. _q(Eric Brandfon), _d1939- |
|
| 710 | 2 | _aebrary, Inc. | |
| 856 | 4 | 0 |
_uhttp://site.ebrary.com/lib/rucke/Doc?id=10630634 _zAn electronic book accessible through the World Wide Web; click to view |
| 999 |
_c71652 _d71652 |
||